Holiday Stories for Young People (Record no. 245903)
[ view plain ]
| 000 -LEADER | |
|---|---|
| fixed length control field | 01805cam a22002653a 4500 |
| 001 - CONTROL NUMBER | |
| control field | 16648 |
| 003 - CONTROL NUMBER IDENTIFIER | |
| control field | PGUSA |
| 005 - DATE AND TIME OF LATEST TRANSACTION | |
| control field | 20140828083344.0 |
| 008 - FIXED-LENGTH DATA ELEMENTS--GENERAL INFORMATION | |
| fixed length control field | 050904s2005||||xxu|||||s|||||000 1 eng d |
| 040 ## - CATALOGING SOURCE | |
| Original cataloging agency | PGUSA |
| Language of cataloging | eng |
| 042 ## - AUTHENTICATION CODE | |
| Authentication code | dc |
| 050 #4 - LIBRARY OF CONGRESS CALL NUMBER | |
| Classification number | PZ |
| 245 10 - TITLE STATEMENT | |
| Title | Holiday Stories for Young People |
| Medium | [electronic resource] |
| 260 ## - PUBLICATION, DISTRIBUTION, ETC. (IMPRINT) | |
| Name of publisher, distributor, etc | Project Gutenberg, |
| Date of publication, distribution, etc | 2005 |
| 505 0# - FORMATTED CONTENTS NOTE | |
| Formatted contents note | The Clover Leaf Club of Bloomingdale. By Sangster -- The Lighthouse Lamp. By Sangster. -- The Family Mail-bag. By Porter -- A Day's Fishing. By Porter -- Why Charlie Didn't Go. By Porter -- Uncle Giles' Paint Brush. By Porter -- The Pied Piper of Hamelin. By Browning -- A Girl Graduate. By Barnard -- A Christmas Frolic. By Sangster -- Archie's Vacation. By Porter -- A Birthday Story. By Sangster -- A Coquette. By Pierce -- Horatius. By Macaulay -- A Bit of Brightness. By Porter -- How Sammy Earned the Prize. By Sangster -- The Glorious Fourth. -- The Middle Daughter. By Sangster -- The Golden Bird. By Grimm -- Harry Pemberton's Text. By Armstrong -- Our Cats. -- Outovplace. -- The Boy Who Dared to Be a Daniel. By Smith -- Little Redcap. By Grimm -- New Zealand Children. -- The Breeze from the Peak. -- The Bremen Town Musicians. By Grimm -- A Very Queer Steed, and Some Strange Adventures. by Armstrong -- Freedom's Silent Host. By Sangster -- Presence of Mind. By Sangster -- The Boy Who Went from the Sheepfold to the Throne. By Sangster. |
| 506 ## - RESTRICTIONS ON ACCESS NOTE | |
| Terms governing access | Public domain in the USA. |
| 516 ## - TYPE OF COMPUTER FILE OR DATA NOTE | |
| Type of computer file or data note | Electronic text |
| 653 ## - INDEX TERM--UNCONTROLLED | |
| Uncontrolled term | Holidays -- Juvenile fiction |
| 653 ## - INDEX TERM--UNCONTROLLED | |
| Uncontrolled term | Children's stories |
| 653 ## - INDEX TERM--UNCONTROLLED | |
| Uncontrolled term | Conduct of life -- Juvenile fiction |
| 700 1# - ADDED ENTRY--PERSONAL NAME | |
| Personal name | Sangster, Margaret Elizabeth Munson, |
| Dates associated with a name | 1838-1912 |
| 830 #0 - SERIES ADDED ENTRY--UNIFORM TITLE | |
| Uniform title | Project Gutenberg |
| Volume number/sequential designation | 16648 |
| 856 40 - ELECTRONIC LOCATION AND ACCESS | |
| Uniform Resource Identifier | <a href="http://www.gutenberg.org/ebooks/16648">http://www.gutenberg.org/ebooks/16648</a> |
| 942 ## - ADDED ENTRY ELEMENTS (KOHA) | |
| Koha item type | eBooks |
| Withdrawn status | Lost status | Damaged status | Home library | Current library | Date acquired | Total Checkouts | Date last seen | Price effective from | Koha item type |
|---|---|---|---|---|---|---|---|---|---|
| Project Gutenberg | Project Gutenberg | 08/28/2014 | 08/28/2014 | 08/28/2014 | eBooks |